| 000 | 00686cam a2200205 4500 | ||
|---|---|---|---|
| 001 | WB3618-09 | ||
| 008 | 000000n2000 000 0 eng u | ||
| 035 | _a(Sirsi) u105948 | ||
| 245 | _aCreativity for development in Yorkshire | ||
| 260 | _c2000 | ||
| 490 |
_aDCMS News Release _v(99/2000) 10 May 2000 (4) |
||
| 520 | _aThe Culture Minister feels cooperation between creative businesses and other sectors of the financial and business community in Yorkshire is the way forward to boost economic growth. | ||
| 590 | _aWB | ||
| 650 | _aYORKSHIRE | ||
| 650 | _aECONOMIC DEVELOPMENT | ||
| 650 | _aCOOPERATION | ||
| 650 | _aBUSINESSES | ||
| 690 | _aECONOMIC ISSUES | ||
| 942 | _n0 | ||
| 999 |
_c63436 _d63436 |
||